000 00306nam a22001337a 4500
008 170609b xxu||||| |||| 00| 0 eng d
020 _a9780534567699
041 _aeng
080 _22ND
_a32
100 _a19
101 _aSHP
245 _aAFRICAN POLITICS AND SOCIETY
_cSCHRAEDER, P.J
942 _2udc
_cBK
999 _c16718
_d16718